000 00223 a2200097 4500
001 56619
100 _a
245 _aPakistan main Americky kirdar ( urdu)
260 _aLahore
_bFeroz Sons Ltd
_c1998
090 _c34840
_d34840
942 _aNUST-CAE
_c
_c27603
999 _c291692
_d291692